000 00586nam a22001937a 4500
005 20251108164155.0
008 250721s1985 xx 000 0 ara d
082 1 4 _a338.195765/حسن
100 1 _aصالح، حسن عبد القادر
245 1 0 _aالموارد الغذائية في الأردن /
264 1 _aعمان :
_bدار الشروق للنشر و التوزيع،
_c1985.
300 _a171ص.
650 1 7 _aالزراعة
650 1 7 _aالإقتصاد الزراعي
650 1 7 _aالأغذية
650 1 7 _aالأردن
942 _2ddc
_cBK
999 _c5498
_d5498